MARC

LEADER 00000nam0a2200000 4500
001 142288
005 20231031142710.0
035 |a (RuTPU)RU\TPU\book\154201 
090 |a 142288 
100 |a 20080903d1956 m y0rusy50 ca 
101 0 |a rus 
102 |a RU 
105 |a a j 001zy 
200 1 |a Физика атома и атомного ядра  |e лекции  |f В. А. Михайлов, М. Г. Мкртычев 
210 |a Москва  |c Изд-ние ВВИА им. Н. Е. Жуковского  |d 1956 
215 |a 130 с.  |c ил. 
225 1 |a Курс физики 
320 |a Библиогр.: с. 128. 
610 1 |a атомы 
610 1 |a атомное ядро 
610 1 |a физика 
610 1 |a строение 
610 1 |a радиоактивность 
610 1 |a деление 
610 1 |a космические лучи 
610 1 |a ядерное горючее 
610 1 |a атомная энергия 
610 1 |a применение 
675 |a 539(07)  |v 3 
700 1 |a Михайлов  |b В. А. 
701 1 |a Мкртычев  |b М. Г. 
801 1 |a RU  |b 63413507  |c 20080903  |g PSBO 
801 2 |a RU  |b 63413507  |c 20210526  |g PSBO 
900 |a Физика атомного ядра и частиц 
942 |c BK